| 000 | 00573nam a2200205Ia 4500 | ||
|---|---|---|---|
| 003 | BUBTL | ||
| 008 | 151213s9999 xx 000 0 und d | ||
| 082 | _a347.5491077/ Z52s/ 2009 | ||
| 100 |
_aZerin, Syeda Afroza _94572 |
||
| 245 |
_aThe Specific Relief Act (Act No. 1 to 1877)/ _cSyeda Afroza Zerin |
||
| 250 | _a2nd | ||
| 260 |
_aDhaka _bHosne Ara _cc2009 |
||
| 300 |
_a[17], 245p. : _b21cm. |
||
| 500 | _aIncludes Index | ||
| 650 | _aLaw | ||
| 700 |
_aSyeda Afroza Zerin _94573 |
||
| 856 |
_k0 _l0 _yDownload |
||
| 942 |
_2ddc _cBK |
||
| 999 |
_c3852 _d3852 |
||